Mathematics in chemistry / (Record no. 127569)

MARC details
000 -LEADER
fixed length control field 00749nam a22002417a 4500
005 - DATE AND TIME OF LATEST TRANSACTION
control field 20170124110027.0
010 ## - LIBRARY OF CONGRESS CONTROL NUMBER
LC control number B-163653
020 ## - INTERNATIONAL STANDARD BOOK NUMBER
Terms of availability 00.00
International Standard Book Number 8125912886
035 ## - SYSTEM CONTROL NUMBER
System control number B-163653
037 ## - SOURCE OF ACQUISITION
Source of stock number/acquisition Cen Lib/Ret
040 ## - CATALOGING SOURCE
Original cataloging agency DPL
Language of cataloging EN
082 ## - DEWEY DECIMAL CLASSIFICATION NUMBER
Classification number 510.2454
Item number RAM
100 ## - MAIN ENTRY--PERSONAL NAME
Personal name Raman, K.V.
9 (RLIN) 20871
245 ## - TITLE STATEMENT
Title Mathematics in chemistry /
Statement of responsibility, etc by K.V. Raman [and] Sourav Pal
260 ## - PUBLICATION, DISTRIBUTION, ETC. (IMPRINT)
Place of publication, distribution, etc New Delhi
Name of publisher, distributor, etc Vikash Publishing House Pvt. Ltd
Date of publication, distribution, etc 2004
270 ## - ADDRESS
Address 5, Ansari Road
City New Delhi
Postal code 110002
300 ## - PHYSICAL DESCRIPTION
Extent 454p. :
Dimensions 24cm(Hb)
Other physical details ill.
500 ## - GENERAL NOTE
General note Includes bibliographical references.
650 ## - SUBJECT ADDED ENTRY--TOPICAL TERM
Topical term or geographic name as entry element Mathematics
9 (RLIN) 8937
650 ## - SUBJECT ADDED ENTRY--TOPICAL TERM
Topical term or geographic name as entry element Chemistry--Mathematics
9 (RLIN) 20872
700 ## - ADDED ENTRY--PERSONAL NAME
Personal name Pal, Sourav
9 (RLIN) 20873
942 ## - ADDED ENTRY ELEMENTS (KOHA)
Source of classification or shelving scheme Dewey Decimal Classification
Koha item type English Books
Classification part 510.2454
Call number suffix RAM
Holdings
Withdrawn status Lost status Damaged status Not for loan Home library Current library Date acquired Source of acquisition Cost, normal purchase price Total Checkouts Full call number Barcode Date last seen Copy number Cost, replacement price Price effective from Koha item type
        Central Library Central Library 29/06/2015 Cen Lib/Ret 0.00   510.2454 RAM B-163653 29/06/2015 1 0.00 29/06/2015 English Books

© Delhi Public Library
Hit Counter
free hit counter